|
|
|
|
| LEADER |
01307nam a2200325Ia 4500 |
| 001 |
EBC3004424 |
| 003 |
MiAaPQ |
| 005 |
20200520144314.0 |
| 006 |
m o d | |
| 007 |
cr cn||||||||| |
| 008 |
041017s2003 dcua gsb 001 0 eng d |
| 020 |
|
|
|z 0815796013
|
| 035 |
|
|
|a (MiAaPQ)EBC3004424
|
| 035 |
|
|
|a (Au-PeEL)EBL3004424
|
| 035 |
|
|
|a (CaPaEBR)ebr10063903
|
| 035 |
|
|
|a (OCoLC)923615819
|
| 040 |
|
|
|a MiAaPQ
|c MiAaPQ
|d MiAaPQ
|
| 050 |
|
4 |
|a HC498
|b .A7192 2003
|
| 245 |
0 |
0 |
|a Arab economic integration
|h [electronic resource] :
|b between hope and reality /
|c Ahmed Galal, Bernard Hoekman, editors.
|
| 260 |
|
|
|a Cairo :
|b Egyptian Center for Economic Studies ;
|a Washington, D.C. :
|b Brookings Institution Press,
|c c2003.
|
| 300 |
|
|
|a viii, 170 p. :
|b ill.
|
| 504 |
|
|
|a Includes bibliographical references and index.
|
| 533 |
|
|
|a Electronic reproduction. Ann Arbor, MI : ProQuest, 2015. Available via World Wide Web. Access may be limited to ProQuest affiliated libraries.
|
| 650 |
|
0 |
|a Arab cooperation.
|
| 651 |
|
0 |
|a Arab countries
|x Economic conditions.
|
| 655 |
|
4 |
|a Electronic books.
|
| 700 |
1 |
|
|a Galal, Ahmed,
|d 1948-
|
| 700 |
1 |
|
|a Hoekman, Bernard M.,
|d 1959-
|
| 710 |
2 |
|
|a ProQuest (Firm)
|
| 856 |
4 |
0 |
|u https://ebookcentral.proquest.com/lib/matrademy/detail.action?docID=3004424
|z Click to View
|